000 00651nam a2200157Ia 4500
005 20250508155904.0
008 008 250505s9999 xx 000 0 eng d
037 _aBooks to be hide in OPAC
040 _aFEDL
_beng
_cFEDL
041 _aeng
_2eng
084 _a370.954, IND/O
_qFEDL
245 0 _aProceedings of the seminar on mal adjustment of adolescent students to their academic and soical surroundings held in the Osmania University, Hyderabad (Deccan) from 9th to 17th April 1955, organised by the Indian National Commission for cooperation with
300 _a48p.
942 _cHB
_h370.954, IND/O
999 _c1359874
_d1359874